000 04815nam a22003137i 4500
001 TCPA 24
003 gtcocun
005 20250912224347.0
006 a||||gr|||| 00| 0
008 250912b2016 gt ||||| m||| 00| 0 eng d
040 _agtcocun
_bSPA
_cgtcocun
_eRDA
041 _aSPA
084 _0TCPA 24
100 _aGualib Caál, Rolando
_eAutor
245 _aInforme final del Ejercicio Profesional Supervisado, realizado en Cooperativa Integral de Ahorro y Crédito para el Desarrollo de Santa Cruz Verapaz, Responsabilidad Limitada, CREDESA, R.L. Santa Cruz Verapaz, Alta Verapaz/
_cGualib Caál, Rolando
_hImpreso
264 _aCobán, Alta Verapaz:
_bUniversidad de San Carlos de Guatemala, Centro Universitario del Norte, Licenciatura en Contaduría Pública y Auditoría.
_c2016
300 _a37 p.:
_bIlustraciones, gráficas.
_c28 cm; PDF
336 _2rdacontenido
_aTexto
_btxt
337 _2rdamedio
_aComputadora
_bn
338 _2rdasoporte
_aCódigo en línea
_bcr
502 _e.
502 _aTesis de grado
_bLicenciatura en Contaduría Pública y Auditoría.
_cUniversidad de San Carlos de Guatemala, Centro Universitario del Norte, Licenciatura en Contaduría Pública y Auditoría.
_d2016
_oTCPA 24
520 1 4 _aLa Universidad de San Carlos de Guatemala (USAC), es una entidad educativa autónoma, con visión, misión y objetivos bien definidos. Se ha proyectado a la sociedad a fin de cumplir con uno de sus fines y, a través del Centro Universitario del Norte (CUNOR), ha impulsado el Ejercicio Profesional Supervisado, como requisito para el cierre de pensum de carrera de Contaduría Pública y Auditoría. El Ejercicio Profesional fue realizado en la Cooperativa Integral de Ahorro y Crédito para el Desarrollo de Santa Cruz Verapaz, Responsabilidad Limitada (CREDESA R.L.), que se encuentra localizada en la Avenida la Parroquia, Barrio Santa Elena, 0-35 zona 1, Santa Cruz Verapaz, Alta Verapaz, única Cooperativa ubicada en el municipio. Al considerar las actividades realizadas durante el diagnóstico y analizados los resultados, se establecieron tres problemas: desactualización de los registros contables del período 2 011 al 2 014, inexistencia de controles de riesgos en la cartera de créditos y capital insuficiente para la cubrir la demanda de créditos. Para darle solución a cada uno de los problemas, se llevaron a cabo las siguientes intervenciones: actualización de los registros contables del período 2 011-2 014; implementación de instrumentos y procedimientos en la concesión de créditos y elaboración de un plan de inversión para el proyecto de financiamiento. Para poder alcanzar los objetivos propuestos, se desarrollaron cada una de las actividades programadas, se analizaron y observaron aspectos importantes que se relacionan con los controles y procedimientos que se manejan en la cooperativa, con la intención de realizar un buen trabajo y así emitir conclusiones y recomendaciones. Para la actualización de los registros contables se hizo necesaria la actualización del estatus ante la Superintendencia de Administración Tributaria; se revisaron, analizaron y clasificaron los documentos de soporte contable; para luego realizar las operaciones y registros correspondientes en los libros principales y auxiliares, de esta manera se logró tener al día la contabilidad de cuatro períodos fiscales. Para la implementación de instrumentos y procedimientos en la concesión de créditos se llevó a cabo un análisis de las políticas y procedimientos en la cartera de créditos; se elaboró una guía, normativa y metodología para la concesión de créditos; se implementó un sistema para el análisis de la capacidad de pago del cliente. Con esta estrategia se espera administrar los riesgos y reducir el índice de morosidad. En la elaboración del plan de inversión para el proyecto de financiamiento se diseñó una propuesta de inversión; luego se realizó un análisis sobre la factibilidad económica y financiera del proyecto; posteriormente se presentó ante los altos ejecutivos de la cooperativa el plan para su aprobación y por último se gestionó ante la Federación de Cooperativas de las Verapaces, Responsabilidad Limitada (FEDECOVERA R.L.), un financiamiento de trescientos mil quetzales, y de esta manera se logra beneficiar a ciento cincuenta asociados más.
650 1 4 _2LEMB
_aCobán, Alta Verapaz
_xEstados financieros
_xsolicitud de crédito
_xplan de inversion
_xproyecto de financiamiento
700 _aLic. Obdulio Ottoniel León Pacay
_eAsesor
856 _uhttps://drive.google.com/file/d/1lmDpXOMxlK6-mh0aKr-IgetmjGu1wovb/view?usp=sharing
_yPDF
_zUn ejemplar en línea.
942 _2ddc
_cTES
_iTCPA_24
_kClasificación
_n0
_6TCPA__24
999 _c1830
_d1830